| 000 | 00917nam a22001937a 4500 | ||
|---|---|---|---|
| 999 |
_c62804 _d62804 |
||
| 003 | Ge_BSU | ||
| 005 | 20250226121951.0 | ||
| 008 | 250226s1970 ge ||||| |||| 00| 0 geo d | ||
| 041 | _ageo | ||
| 080 | _a616.5 - 08 კ79 | ||
| 100 |
_aკოტარია, ვახტანგ _924412 |
||
| 245 |
_aკანის ზოგიერთი დაავადების კრიოთერაპია / _cვახტანგ კოტარია, ქეთევან კოჭლაშვილი. |
||
| 264 |
_aთბილისი : _bსაბჭ. საქართველო, _c1970. |
||
| 300 |
_a100 გვ. ; _b20 სმ. |
||
| 653 | _aკანის დაავადებების კრიოთერაპია | ||
| 653 | _aმედიცინა | ||
| 700 |
_aკოჭლაშვილი, ქეთევან _eავტორი _924413 |
||
| 942 |
_2udc _cᲬᲘᲒᲜᲘ |
||